| 000 | 00778ntm a22002177a 4500 | ||
|---|---|---|---|
| 005 | 20170809145503.0 | ||
| 008 | 170802s2014 xx a frb 000 0 eng d | ||
| 040 |
_aEG-ScBUE _beng _cEG-ScBUE |
||
| 082 | 0 | 4 |
_a624 _bBAS _222 |
| 100 | 1 | _aBasyouni, Ahmed Basyouni Abdellatif. | |
| 245 | 1 | 0 |
_aDesign project / _cAhmed Basyouni Abdellatif Basyouni. |
| 260 | _c2014. | ||
| 300 |
_a148 p. : _bill. (col.) ; _c28 cm. |
||
| 500 | _aA design submitted to the faculty of engineering, The British University in egypt, in partial fulfillment of the requirements for the bachelor degree in civil engineering. | ||
| 590 | _amai allam | ||
| 650 | 7 |
_2BUEsh _acivil engineering. _vProjects |
|
| 653 |
_bENGCIV _cAugust2017 |
||
| 655 | _vSPRO | ||
| 700 | 1 |
_aNasser, Ayman. _eths. |
|
| 942 | _2ddc | ||
| 999 |
_c25339 _d25311 |
||